01857nam a2200349 u 4500001000800000005001700008007001000025008004100035035001200076040001300088041000800101082000800109100005200117245011400169260003500283300001300318501006600331520052700397650003200924650004300956650004900999650005301048650003501101700005601136700005101192700005001243942001001293999001901303502001001322526000701332952016801339143373420260508090443.0co|||||||160218s2015 spa  a1433734 ccomduadb aspa 4a30310aCastrillón Granda, Jhonatan4auteaut975347710aEvaluación de impacto de la estrategia Gobierno en Línea en el municipio de Santa Rosa de Osos, Antioquia aMedellín :bAutor(a),c2015. a1 CD-ROM aINCLUYE : Anexo (Entrevista y Encuesta de Gobierno en Linea).3 a"Para entrar en consonancia con las nuevas exigencias y oportunidades, y con el ánimo de generar y garantizar la oferta de información, entre ella trámites y servicios del Estado, por medios electrónicos, en Colombia se creó la estrategia de Gobierno en Línea. En esta monografía se realizó una evaluación de impacto por medio de la cual se buscó medir la implementación, aceptación y percepción que tienen los habitantes del municipio de Santa Rosa de Osos de la estrategia Gobierno en Línea." aGobierno en Línea9181082 7aParticipación ciudadana2lemb964098 aInformatica en administracion publica922554 aSanta Rosa de Osos (Antioquia). Alcaldia9137983 aGobierno electrónico910605010aMurillo Hurtado, Hanalei Michelle4auteaut973911610aAcosta Herrera, León Jaime4thseths953680510aOrrego Correa, Clara Inés4thseths9325367 cTESIS c732643d732643 b65c9 a65 001040708TESDIGBCaBCbBCd2016-02-19eMaterial adquirido por donacióniC1240259l0o303.483 C355 CD-ROMp1032083r2023-05-03 00:00:00t1w2023-05-03yDIGITAL